Nathanael west : (Record no. 129974)

MARC details
000 -LEADER
fixed length control field 00688nam a22002417a 4500
005 - DATE AND TIME OF LATEST TRANSACTION
control field 20170124110105.0
010 ## - LIBRARY OF CONGRESS CONTROL NUMBER
LC control number 744666
020 ## - INTERNATIONAL STANDARD BOOK NUMBER
Terms of availability 00.00
035 ## - SYSTEM CONTROL NUMBER
System control number 744666
037 ## - SOURCE OF ACQUISITION
Source of stock number/acquisition Cen Lib/Ret
040 ## - CATALOGING SOURCE
Original cataloging agency DPL
Language of cataloging EN
082 ## - DEWEY DECIMAL CLASSIFICATION NUMBER
Classification number 921
Item number MAR
100 ## - MAIN ENTRY--PERSONAL NAME
Personal name Martin, Jay
9 (RLIN) 27951
245 ## - TITLE STATEMENT
Title Nathanael west :
Statement of responsibility, etc by Jay Martin
Remainder of title the art of his life /
260 ## - PUBLICATION, DISTRIBUTION, ETC. (IMPRINT)
Place of publication, distribution, etc New York
Name of publisher, distributor, etc Farrear Starus And Giroux
Date of publication, distribution, etc 1970
270 ## - ADDRESS
Address New York
City New York
300 ## - PHYSICAL DESCRIPTION
Extent xv,435p. :
Dimensions 20cm(Hb)
Other physical details ill.
500 ## - GENERAL NOTE
General note Includes bibliographical reference and index
650 ## - SUBJECT ADDED ENTRY--TOPICAL TERM
Topical term or geographic name as entry element Novelists
9 (RLIN) 27952
650 ## - SUBJECT ADDED ENTRY--TOPICAL TERM
Topical term or geographic name as entry element Novelists, American
9 (RLIN) 27953
700 ## - ADDED ENTRY--PERSONAL NAME
9 (RLIN) 23838
942 ## - ADDED ENTRY ELEMENTS (KOHA)
Source of classification or shelving scheme Dewey Decimal Classification
Koha item type English Books
Classification part 921
Call number suffix MAR
Holdings
Withdrawn status Lost status Damaged status Not for loan Home library Current library Date acquired Source of acquisition Cost, normal purchase price Total Checkouts Full call number Barcode Date last seen Copy number Cost, replacement price Price effective from Koha item type
        Central Library Central Library 08/07/2015 Cen Lib/Ret 0.00   921 MAR 744666 08/07/2015 1 0.00 08/07/2015 English Books

© Delhi Public Library
Hit Counter
free hit counter